LDR 01183naa#a2200157#i#450# 001 RU\\bibl\19754 005 20260603041415.3 100 ## _a20260601b2026####ek#y0rusy0150####ca 102 ## _aRU 200 1# _aЧУВСТВИТЕЛЬНОСТЬ ФЕНОЛОГИЧЕСКИХ РИТМИК ДРЕВЕСНЫХ РАСТЕНИЙ К ВЕСЕННИМ ТЕМПЕРАТУРНЫМ КОЛЕБАНИЯМ В УСЛОВИЯХ УРБОСРЕДЫ (Г. ВОРОНЕЖ) _eСтатья/тезисы конференции 210 1# _aВоронеж _cВоронежский государственный лесотехнический университет имени Г.Ф. Морозова _d2026 215 ## _a5 с. 608 ## _aСтатья/тезисы конференции _2local 675 ## _aУсловия существования растений. 630.181 _aСезонные явления в жизни растений. Фенология. 581.543 _aПланировка населенных пунктов. Планировка городов, поселков, сел, деревень. Градостроительство в целом. 711.4 _z 700 #1 _aКортунова _gЕ. Р. 856 4# _abibl.vgltu.ru _u